000 01861cam a2200433 a 4500
001 18298840
003 NUST
005 20220723152314.0
008 140911t20121999nyu 000 1 eng
010 _a 2013387317
020 _a9781455508563
020 _a145550856X
020 _a9780446525534
020 _a0446525537
035 _a(OCoLC)ocn803922297
038 _aAzhar
040 _aDWA
_cDWA
_dYDXCP
_dDLC
042 _alccopycat
043 _an-us-nc
050 0 0 _aPS3569.P363
_bW35 2012
082 0 0 _a813.54
_223
_bSPA
100 1 _aSparks, Nicholas.
_910035
245 1 2 _aA walk to remember
_cNicholas Sparks.
260 _aNew York, NY :
_bGrand Central Pub.,
_c2012, c1999.
300 _a288 p. ;
_c23 cm.
490 1 _aNovel Learning Series.
500 _aStudent guide includes ELA common core state standards alignment ; critical thinking and comprehension skills development ; SAT/ACT style questions to help students improve test scores ; sample essays with rubric to facilitate writing development and skills. --front cover.
520 _aLandon Carter never thought he would fall for Jamie Sullivan, the shy daughter of the town's Baptist minister who showed him the joy and pain of living"--P. [4] of cover.
563 _aPB
600 1 0 _aSparks, Nicholas
_tWalk to remember
_xStudy and teaching.
_994640
650 0 _aChildren of clergy
_vFiction.
_994641
650 0 _aTeenage boys
_vFiction.
_994642
651 0 _aBeaufort (N.C.)
_vFiction.
_994643
856 4 2 _3Publisher description
_uhttp://www.loc.gov/catdir/enhancements/fy1414/2013387317-d.html
856 4 2 _3Contributor biographical information
_uhttp://www.loc.gov/catdir/enhancements/fy1414/2013387317-b.html
906 _a7
_bcbc
_ccopycat
_d2
_encip
_f20
_gy-gencatlg
942 _2ddc
_cLC
999 _c590526
_d590526